000 00636nam a2200217 a 4500
999 _c6675
_d6675
001 6675
003 BD-JhCC
005 20180207113628.0
008 180128s1976 bg a|||| ||a| 000 0 ben d
035 _a(BD-JhCC)6675
040 _aBD-JhCC
_dBD-JhCC
041 _aben
082 _a596
_bKHO 1976
100 _aখন্দকার, এন. আলম
245 _aমেরুদণ্ডী প্রাণী /
_cএন. আলম খন্দকার,
260 _aঢাকা :
_bবাংলা একাডেমি,
_c1976
300 _a363 p. :
_c22 cm.
650 _aVertebrates
942 _2ddc
_cBK